00775nam a2200193 a 4500001001000000003000400010005001700014008004100031040002500072082002000097245007300117260003500190300002100225490001400246500018500260650008800445700003400533830001400567000024222OSt20260305073951.0110125s1984 dr r 000 0 spa d aDO-SdBNPbspacBNPHU a079.7293bP926p00aPrensa y política en la República Dominicana /cFrank Moya Pons. aSanto Domingo :bFORUM,c1984. a173 p. ;c22 cm.1 aForumv11 aExposiciones presentadas en el Encuentro sobre Prensa y la Politica en la República Dominicana, celebrado por FORUM el sábado 4 de junio de 1983, en el Hotel Santo Domingo Sur. 4aPrensaxAspectos políticoszRepública DominicanavCONGRESOS, CONFERENCIAS, ETC.1 aMoya Pons, Frank,d1944-eed. 0aForumv11